[Event "Geneve"]
[Site "Geneve"]
[Date "1990.??.??"]
[Round "5"]
[White "Brunner, Lucas"]
[Black "Kotronias, Vasilios"]
[Result "0-1"]
[WhiteElo "2475"]
[BlackElo "2510"]
[PlyCount "62"]
[EventDate "1990.11.??"]
[EventType "tourn"]
[EventRounds "10"]
[EventCountry "SUI"]
[EventCategory "11"]
[Source "ChessBase"]

1. d4 Nf6 2. c4 c5 3. d5 b5 4. cxb5 a6 5. bxa6 g6 6. Nc3 Bxa6 7. e4 Bxf1 8.
Kxf1 d6 9. Nf3 Bg7 10. g3 O-O 11. Kg2 Nbd7 12. h3 Ra7 13. Re1 Qa8 14. Re2 Rb8
15. Rc2 Nb6 16. Qe2 Na4 17. Nd1 Rb4 18. Rc4 Rab7 19. Bd2 Rxc4 20. Qxc4 Nxb2 21.
Nxb2 Rxb2 22. a4 e6 23. dxe6 Nxe4 24. exf7+ Kf8 25. Re1 d5 26. Qc1 c4 27. Kg1
Qa7 28. Rxe4 dxe4 29. Ng5 Qxa4 30. Bc3 Bxc3 31. Qxc3 Qa1+ 0-1

[Event "Chalkidiki Afitos"]
[Site "Chalkidiki"]
[Date "1993.??.??"]
[Round "3"]
[White "Shirov, Alexei"]
[Black "Adams, Michael"]
[Result "1-0"]
[WhiteElo "2685"]
[BlackElo "2630"]
[PlyCount "67"]
[EventDate "1993.09.??"]
[EventType "tourn"]
[EventRounds "6"]
[EventCountry "GRE"]
[EventCategory "16"]
[Source "ChessBase"]
[WhiteTeamCountry "GER"]
[BlackTeamCountry "GER"]

1. d4 Nf6 2. c4 c5 3. d5 b5 4. cxb5 a6 5. e3 axb5 6. Bxb5 Qa5+ 7. Nc3 Bb7 8.
Nge2 Bxd5 9. O-O Bc6 10. a4 e6 11. e4 Bxb5 12. Nxb5 Nxe4 13. Ng3 Nf6 14. Re1
Na6 15. Bf4 d5 16. Nf5 Qb4 17. Be5 Qg4 18. Bxf6 Qxd1 19. Raxd1 gxf6 20. Rxd5
Be7 21. Rd2 Bd8 22. Nfd6+ Ke7 23. Nc4 Nb4 24. b3 Ba5 25. Red1 Rhd8 26. Kf1 Rxd2
27. Rxd2 Bd8 28. Ke2 Rb8 29. g4 Nd5 30. Kf3 Bc7 31. h3 Bd8 32. Ke4 Nc7 33. Na7
Ke8 34. Nc6 1-0

[Event "Vosu op"]
[Site "Vosu"]
[Date "1989.??.??"]
[Round "?"]
[White "Burgess, Graham"]
[Black "Katishonok, Nikolaj"]
[Result "1-0"]
[WhiteElo "2350"]
[BlackElo "2225"]
[PlyCount "81"]
[EventDate "1989.??.??"]
[EventType "swiss"]
[EventRounds "9"]
[EventCountry "URS"]
[Source "ChessBase"]
[WhiteTeamCountry "GER"]
[BlackTeamCountry "GER"]

1. d4 Nf6 2. c4 c5 3. d5 b5 4. cxb5 a6 5. Nc3 axb5 6. e4 b4 7. Nb5 d6 8. Bc4
Nbd7 9. Nf3 Nb6 10. Bd3 Ra5 11. a4 Bd7 12. Nd2 g6 13. b3 Bg7 14. Bb2 O-O 15.
O-O Ng4 16. Bxg7 Kxg7 17. Re1 Ne5 18. Bf1 g5 19. Nf3 f6 20. Nxe5 fxe5 21. Qd2
h6 22. Na3 Rf4 23. Nc2 Qe8 24. g3 Rf3 25. Ne3 Qg6 26. Be2 g4 27. Bxf3 gxf3 28.
Qd3 Qf7 29. Nf1 Bg4 30. Nd2 Ra8 31. h3 h5 32. Qe3 Kg6 33. Kh2 Rf8 34. Rh1 Bc8
35. a5 Nd7 36. a6 e6 37. dxe6 Qxe6 38. Nxf3 Rxf3 39. Qxf3 Nb8 40. Qf5+ Qxf5 41.
exf5+ 1-0